<?xml version="1.0" encoding="UTF-8"?><record xmlns="http://www.loc.gov/MARC21/slim" xmlns:zs="http://docs.oasis-open.org/ns/search-ws/sruResponse">
  <leader>01531ctd a22004213  4500</leader>
  <controlfield tag="001">23731135</controlfield>
  <controlfield tag="005">20250821192952.3</controlfield>
  <controlfield tag="008">240401s1662    xx            000 0 ita  </controlfield>
  <datafield ind1=" " ind2=" " tag="035">
    <subfield code="a">23731135</subfield>
  </datafield>
  <datafield ind1=" " ind2=" " tag="906">
    <subfield code="a">0</subfield>
    <subfield code="b">ibc</subfield>
    <subfield code="c">orignew</subfield>
    <subfield code="d">u</subfield>
    <subfield code="e">ncip</subfield>
    <subfield code="f">20</subfield>
    <subfield code="g">y-genmusic</subfield>
  </datafield>
  <datafield ind1=" " ind2=" " tag="010">
    <subfield code="a">  2023870346</subfield>
  </datafield>
  <datafield ind1=" " ind2=" " tag="035">
    <subfield code="a">(DLC)musmolden.0429</subfield>
  </datafield>
  <datafield ind1=" " ind2=" " tag="040">
    <subfield code="a">DLC</subfield>
    <subfield code="b">eng</subfield>
    <subfield code="c">DLC</subfield>
    <subfield code="d">DLC</subfield>
  </datafield>
  <datafield ind1="0" ind2="0" tag="050">
    <subfield code="a">ML31</subfield>
    <subfield code="b">.M6</subfield>
  </datafield>
  <datafield ind1="1" ind2=" " tag="100">
    <subfield code="a">Battiferri, Luigi.</subfield>
  </datafield>
  <datafield ind1="1" ind2="0" tag="245">
    <subfield code="a">Receipt for services,</subfield>
    <subfield code="f">12 June 1662.</subfield>
  </datafield>
  <datafield ind1=" " ind2="0" tag="264">
    <subfield code="c">1662.</subfield>
  </datafield>
  <datafield ind1=" " ind2=" " tag="300">
    <subfield code="a">1 ms. page.</subfield>
  </datafield>
  <datafield ind1=" " ind2=" " tag="336">
    <subfield code="a">text</subfield>
    <subfield code="b">txt</subfield>
    <subfield code="2">rdacontent</subfield>
  </datafield>
  <datafield ind1=" " ind2=" " tag="337">
    <subfield code="a">unmediated</subfield>
    <subfield code="b">n</subfield>
    <subfield code="2">rdamedia</subfield>
  </datafield>
  <datafield ind1=" " ind2=" " tag="338">
    <subfield code="a">sheet</subfield>
    <subfield code="b">nb</subfield>
    <subfield code="2">rdacarrier</subfield>
  </datafield>
  <datafield ind1=" " ind2=" " tag="500">
    <subfield code="a">Holograph, signed; in ink.</subfield>
  </datafield>
  <datafield ind1=" " ind2=" " tag="500">
    <subfield code="a">Title devised by cataloger.</subfield>
  </datafield>
  <datafield ind1=" " ind2=" " tag="540">
    <subfield code="a">For rights relating to this resource, visit</subfield>
    <subfield code="u">https://hdl.loc.gov/loc.music/molden.access</subfield>
  </datafield>
  <datafield ind1=" " ind2=" " tag="546">
    <subfield code="a">In Italian.</subfield>
  </datafield>
  <datafield ind1="8" ind2=" " tag="555">
    <subfield code="a">For information about this resource, refer to finding aid available at</subfield>
    <subfield code="u">https://hdl.loc.gov/loc.music/eadmus.mu003012</subfield>
  </datafield>
  <datafield ind1="0" ind2=" " tag="588">
    <subfield code="a">Record created through migration from the Performing Arts Encyclopedia Database.</subfield>
  </datafield>
  <datafield ind1=" " ind2="7" tag="655">
    <subfield code="a">Manuscripts</subfield>
    <subfield code="2">bgtchm</subfield>
  </datafield>
  <datafield ind1="2" ind2=" " tag="710">
    <subfield code="a">Library of Congress.</subfield>
    <subfield code="b">Moldenhauer Archives.</subfield>
  </datafield>
  <datafield ind1="0" ind2="8" tag="773">
    <subfield code="i">Holding of:</subfield>
    <subfield code="t">Moldenhauer archives at the Library of Congress, circa 1000-circa 1990</subfield>
    <subfield code="w">(DLC)  2004567911</subfield>
  </datafield>
  <datafield ind1="4" ind2="1" tag="856">
    <subfield code="u">https://hdl.loc.gov/loc.music/musmolden.0429</subfield>
  </datafield>
  <datafield ind1=" " ind2=" " tag="985">
    <subfield code="a">pae-migration</subfield>
  </datafield>
  <datafield ind1=" " ind2=" " tag="985">
    <subfield code="e">music/ammem</subfield>
  </datafield>
  <datafield ind1=" " ind2=" " tag="985">
    <subfield code="e">music/consortium</subfield>
  </datafield>
  <datafield ind1=" " ind2=" " tag="985">
    <subfield code="e">music/IHAS</subfield>
  </datafield>
  <datafield ind1=" " ind2=" " tag="985">
    <subfield code="e">music/lctreasures</subfield>
  </datafield>
  <datafield ind1=" " ind2=" " tag="985">
    <subfield code="e">music/molden</subfield>
  </datafield>
  <datafield ind1=" " ind2=" " tag="985">
    <subfield code="e">music/musmolden</subfield>
  </datafield>
</record>
